Southville International School and Colleges
Your cart is empty.
  • Cart
  • Lists
    Public lists Eva Luna New books Lux_list list_1
    Your lists Log in to create your own lists
  • Log in to your account
  • Your cookies
  • Search history
Southville International School and Colleges
  • Advanced search
  • Recent comments
  • Most popular
  • Libraries

Log in to your account

Log in with GOOGLE


If you do not have an external account, but do have a local account, you can still log in:

  1. Home
  2. MARC view: An Extraordinary egg /
Normal view MARC view ISBD view

An Extraordinary egg / (Record no. 104340)

[ view plain ]
MARC details
000 -LEADER
fixed length control field 00488nam a2200181 a 4500
005 - DATE AND TIME OF LATEST TRANSACTION
control field 20140412111319.0
008 - FIXED-LENGTH DATA ELEMENTS--GENERAL INFORMATION
fixed length control field 000831s19uu xx 00 eng d
020 ## - INTERNATIONAL STANDARD BOOK NUMBER
International Standard Book Number 0-590-74507-7
050 ## - LIBRARY OF CONGRESS CALL NUMBER
Classification number BB
Item number Ex87 1994
100 ## - MAIN ENTRY--PERSONAL NAME
Personal name Lionni, Leo
245 ## - TITLE STATEMENT
Title An Extraordinary egg /
Statement of responsibility, etc by Leo Lionni.
260 ## - PUBLICATION, DISTRIBUTION, ETC. (IMPRINT)
Place of publication, distribution, etc New York :
Name of publisher, distributor, etc Scholastic Inc,
Date of publication, distribution, etc 1994.
300 ## - PHYSICAL DESCRIPTION
Extent 1 v. (unp.) ; ill.
440 ## - SERIES STATEMENT/ADDED ENTRY--TITLE
Title Scholastic - Big Books
650 ## - SUBJECT ADDED ENTRY--TOPICAL TERM
Topical term or geographic name as entry element Eggs-Fiction
650 ## - SUBJECT ADDED ENTRY--TOPICAL TERM
Topical term or geographic name as entry element Frogs-Fiction
Holdings
Withdrawn status Lost status Damaged status Home library Current library Shelving location Date acquired Source of acquisition Cost, normal purchase price Total Checkouts Full call number Barcode Date last seen Price effective from Koha item type
      Elizalde Library Elizalde Library Big Books Section 08/31/2000   1868.75   BB Ex87 1994 E7377 04/12/2014 04/12/2014 Books

An Extraordinary egg /

APA

Lionni L., . (1994). An Extraordinary egg. New York: Scholastic Inc.

Chicago

Lionni Leo, . 1994. An Extraordinary egg. New York: Scholastic Inc.

Harvard

Lionni L., . (1994). An Extraordinary egg. New York: Scholastic Inc.

MLA

Lionni Leo, . An Extraordinary egg. New York: Scholastic Inc. 1994.

  • Place hold
  • Print
  • Cite
  • Add to your cart (remove)
  • Save record
    BIBTEX Dublin Core MARCXML MARC (non-Unicode/MARC-8) MARC (Unicode/UTF-8) MARC (Unicode/UTF-8, Standard) MODS (XML) RIS
  • More searches
    Search for this title in:
    Other Libraries (WorldCat) Other Databases (Google Scholar) Online Stores (Bookfinder.com) Open Library (openlibrary.org)

Exporting to Dublin Core...

SOUTHVILLE LIBRARY

Southville International School and Colleges Library

1281 Tropical Ave. Cor. Luxembourg St., BF Homes International, Las Pinas City

Tel. No. 8256374 / 252358 Loc. 117/146

Powered by Koha